Imagine Dragons Smoke + Mirrors Tour Songs - Statistics

General Stats
  • This quiz has been taken 17 times
  • The average score is 27 of 34
Answer Stats
Plays Album Song % Correct
97 Night Visions Demons
100%
104 Smoke + Mirrors Gold
100%
103 Smoke + Mirrors I Bet My Life
100%
101 Smoke + Mirrors Polaroid
100%
61 Smoke + Mirrors Smoke and Mirrors
100%
28 Night Visions Amsterdam
91%
25 Night Visions/Smoke + Mirrors (mashup) Bleeding Out/Warriors
91%
104 Smoke + Mirrors I'm So Sorry
91%
104 Night Visions Radioactive
91%
103 Smoke + Mirrors Shots
91%
15 Night Visions Tiptoe
91%
19 Night Visions Bleeding Out
82%
19 Smoke + Mirrors Dream
82%
67 Smoke + Mirrors Friction
82%
56 Smoke + Mirrors Hopeless Opus
82%
104 Night Visions It's Time
82%
3 Smoke + Mirrors Monster
82%
104 Night Visions On Top of the World
82%
6 Smoke + Mirrors Second Chances
82%
102 Smoke + Mirrors The Fall
82%
17 Smoke + Mirrors Thief
82%
104 Smoke + Mirrors Trouble
82%
3 Night Visions Hear Me
73%
6 Smoke + Mirrors It Comes Back to You
73%
1 Night Visions Nothing Left to Say
73%
32 Smoke + Mirrors Release
73%
17 Smoke + Mirrors Summer
73%
1 Night Visions Rocks
64%
48 Single Roots
64%
8 Smoke + Mirrors Warriors
64%
8 Night Visions The River
55%
1 Night Visions Fallen
45%
24 Single I Was Me
45%
93 Alphaville Cover Forever Young
36%
No matching quizzes found
Score Distribution
Percent of People with Each Score
Percentile by Number Answered
Your Score History
You have not taken this quiz